Statistics for Former Flags of Modern Countries

Click here to take the quiz!

General Stats

  • This quiz has been taken 50 times
  • The average score is 8 of 12

Answer Stats

Answer% Correct
Spain
98%
South Africa
93%
Greece
89%
Papua New Guinea
82%
Maldives
80%
Kiribati
80%
Bosnia and Herzegovina
64%
Belarus
64%
Comoros
48%
Seychelles
30%
Grenada
20%
Suriname
18%

Score Distribution

Percentile by Number Answered

Percent of People with Each Score

Your Score History

You have not taken this quiz